Family Guy Trivia - Statistics

General Stats
  • This quiz has been taken 825 times
  • The average score is 9 of 15
Answer Stats
Question Answer % Correct
What Griffin kid does Herbert want? Chris Griffin
99%
What character gets his own spin-off? Cleveland Brown
89%
What drug does Brian and Stewie sing about? Marijuana
84%
What country was Peter born? Mexico
81%
Who invites nearly all of Quahog to his mansion? James Woods
78%
What holiday did Kevin Swanson return from war? Thanksgiving
77%
What organ in Meg's body was harvested by her boyfriend? Kidney
76%
What does Meg dress up as on Halloween? Slutty Cat
66%
What video game does Peter play when the family gets an Xbox? Call of Duty: Modern Warfare 2
46%
Who is known as the fat guy strangler? Patrick Pewterschmidt
46%
What is Stewie's middle name Gilligan
42%
What was in the mystery box Peter chose over the boat? Comedy Club Tickets
33%
What was the name of Quagmire's girlfriend he brought to James Woods' mansion? Stephanie
28%
What is the name of Brian's mother? Biscuit
24%
What hits Cleveland's house, to trigger the bathtub gag, that kilss Loretta? Apatosaurus Skeleton
7%
No matching quizzes found
Score Distribution
Percent of People with Each Score
Percentile by Number Answered
Your Score History
You have not taken this quiz